[Event "Czechia KP-chTB 0607"]
[Site "Czech Republic"]
[Date "2007.02.18"]
[Round "8.5"]
[White "Soucek, Milan"]
[Black "Tomisek, Petr"]
[Result "1-0"]
[WhiteElo "2117"]
[BlackElo "1817"]
[PlyCount "53"]
[EventDate "2006.10.29"]
[EventType "team-tourn"]
[EventRounds "11"]
[EventCountry "CZE"]
[SourceTitle "EXT 2008"]
[Source "ChessBase"]
[SourceDate "2007.11.25"]
[SourceVersion "1"]
[SourceVersionDate "2007.11.25"]
[SourceQuality "1"]
[WhiteTeam "Kolin II"]
[BlackTeam "Struharov"]
[WhiteTeamCountry "CZE"]
[BlackTeamCountry "CZE"]

1. e4 e5 2. Nf3 Nc6 3. d4 exd4 4. Nxd4 Bc5 5. Nb3 Bb6 6. a4 a6 7. Nc3 d6 8. Nd5 Ba7 9. Be3 Nf6 10. Bxa7 Rxa7 11. f3 0-0 12. Qd2 Re8 13. Be2 Nxd5 14. exd5 Ne5 15. 0-0 Qh4 16. Rae1 Bd7 17. f4 Ng4 18. Bxg4 Qxg4 19. Rxe8+ Bxe8 20. f5 Ra8 21. f6 Qg6 22. Rf3 Kf8 23. fxg7+ Qxg7 24. Nd4 Bd7 25. Ne6+ Bxe6 26. dxe6 f6 27. Rg3 1-0

[Event "Prague KS op-A"]
[Site "Prague"]
[Date "2007.??.??"]
[Round "7"]
[White "Tomisek, Petr"]
[Black "Kyselka, Daniel"]
[Result "1-0"]
[WhiteElo "1824"]
[BlackElo "1662"]
[PlyCount "51"]
[EventDate "2007.??.??"]
[EventType "swiss"]
[EventRounds "9"]
[EventCountry "CZE"]
[SourceTitle "EXT 2008"]
[Source "ChessBase"]
[SourceDate "2007.11.25"]
[SourceVersion "1"]
[SourceVersionDate "2007.11.25"]
[SourceQuality "1"]

1. e4 c5 2. d4 cxd4 3. c3 dxc3 4. Nxc3 Nc6 5. Nf3 d6 6. Bc4 Bg4 7. Bxf7+ Kxf7 8. Ng5+ Ke8 9. Qxg4 Nh6 10. Qd1 Qd7 11. 0-0 g6 12. Nf3 Nf7 13. Be3 Bg7 14. Qd2 Rc8 15. Rad1 b6 16. Ng5 Nfe5 17. f4 Nc4 18. Qd5 Nd8 19. Bc1 e6 20. Qd3 Nb7 21. b3 Nca5 22. Nb5 Qe7 23. Ba3 Nc5 24. Qxd6 Qxd6 25. Rxd6 a6 26. Rxe6+ 1-0

[Event "Czechia KP-chTB 0607"]
[Site "Czech Republic"]
[Date "2006.12.10"]
[Round "4.7"]
[White "Tomisek, Petr"]
[Black "Boucek, Vlastimil"]
[Result "0-1"]
[WhiteElo "1817"]
[BlackElo "1982"]
[PlyCount "116"]
[EventDate "2006.10.29"]
[EventType "team-tourn"]
[EventRounds "11"]
[EventCountry "CZE"]
[SourceTitle "EXT 2008"]
[Source "ChessBase"]
[SourceDate "2007.11.25"]
[SourceVersion "1"]
[SourceVersionDate "2007.11.25"]
[SourceQuality "1"]
[WhiteTeam "Struharov"]
[BlackTeam "Kostelec nad CL"]
[WhiteTeamCountry "CZE"]
[BlackTeamCountry "CZE"]

1. e4 Nf6 2. Nc3 e6 3. d4 d5 4. Bg5 Be7 5. e5 Nfd7 6. Bxe7 Qxe7 7. Qd2 a6 8. Bd3 c5 9. Be2 cxd4 10. Qxd4 Nc6 11. Qg4 Ndxe5 12. Qxg7 Ng6 13. Bh5 Qf8 14. Qxf8+ Kxf8 15. g3 b5 16. f4 Bb7 17. Bf3 Nd4 18. Bd1 b4 19. Nce2 Nf5 20. Kf2 h5 21. Nf3 h4 22. g4 Nd6 23. Nfd4 Kg7 24. Rg1 Rhe8 25. f5 Ne5 26. Nf4 Ne4+ 27. Kf1 Ng5 28. Kf2 Nc4 29. Nf3 Ne4+ 30. Kf1 Nxb2 31. Be2 a5 32. Nxh4 Ba6 33. Nh5+ Kf8 34. f6 Bxe2+ 35. Kxe2 Rec8 36. Rgc1 Rc3 37. Nf3 Rac8 38. h4 Rxc2+ 39. Rxc2 Rxc2+ 40. Ke3 Nc4+ 41. Kd4 Rf2 42. Ne5 Rd2+ 43. Nd3 Nf2 44. Nhf4 Nxd3 45. Nxd3 Nb2 46. Rc1 Rxd3+ 47. Ke5 Nc4+ 48. Kf4 e5+ 49. Kg5 e4 50. h5 e3 51. h6 Kg8 52. Kf5 e2 53. Re1 Re3 54. Kf4 d4 55. g5 d3 56. g6 fxg6 57. Rh1 e1Q 58. h7+ Kh8 0-1